And Muhammad is his messenger : (Record no. 22429)
[ view plain ]
| 000 -LEADER | |
|---|---|
| fixed length control field | 00548cam a2200193 a 4500 |
| 020 ## - INTERNATIONAL STANDARD BOOK NUMBER | |
| ISBN | 0807816396 |
| 020 ## - INTERNATIONAL STANDARD BOOK NUMBER | |
| ISBN | 0807841285 (pbk.) |
| 082 00 - DEWEY DECIMAL CLASSIFICATION NUMBER | |
| Classification number | 809.19351 |
| Author Cutter | SCH |
| 100 1# - MAIN ENTRY--AUTHOR NAME | |
| Author name | Schimmel, Annemarie, |
| 245 10 - TITLE STATEMENT | |
| Title | And Muhammad is his messenger : |
| 260 ## - PUBLICATION, DISTRIBUTION, ETC. (IMPRINT) | |
| Place of publication | Chapel Hill : |
| Name of publisher | University of North Carolina Press, |
| Year of publication | c1985. |
| 300 ## - PHYSICAL DESCRIPTION | |
| Number of Pages | xii, 377 p. : |
| Other physical details | ill. ; |
| 490 1# - SERIES STATEMENT | |
| Series statement | Studies in religion |
| 500 ## - GENERAL NOTE | |
| General note | Translation of: Und Muhammad ist sein Prophet. |
| 500 ## - GENERAL NOTE | |
| General note | Includes indexes. |
| 650 #0 - SUBJECT ADDED ENTRY--TOPICAL TERM | |
| Topical Term | Islamic poetry |
| 942 ## - ADDED ENTRY ELEMENTS (KOHA) | |
| Koha item type | Books |
| Home library | Current library | Shelving location | Date acquired | Full call number | Accession Number | Koha item type |
|---|---|---|---|---|---|---|
| Henry Martyn Institute Library | Henry Martyn Institute Library | General stacks | 10/30/2018 | 809.19351 11-3797 | 11-3797 | Books |
